00261nam a2200109Ia 4500008004100000100001500041245004200056260002200098300000900120942000700129999001500136190216s9999||||xx |||||||||||||| ||und|| aMorrow L C 0aPrinciples Of Industrial Organisation bKitab Mahalc1967 a525p cBK c3918d3918